| 000 | 00731nam a2200241 i 4500 | ||
|---|---|---|---|
| 001 | bg | ||
| 100 | 1 | _aSTRZELECKA, Natalia | |
| 245 | 1 | 0 |
_aProgramowanie w języku ANSI C : _belementy języka z przykładami / _cNatalia Strzelecka, Wojciech Zając. |
| 260 |
_aGdynia : _bWydawnictwo Akademii Morskiej, _c2006. |
||
| 300 |
_a146 s. : _bil. ; _c25 cm. |
||
| 504 | _aBibliogr. s. 146. | ||
| 650 | 9 | _aC (język programowania) | |
| 655 | _aPodręczniki akademickie | ||
| 700 | 1 |
_aZAJĄC, Wojciech _c((informatyka)) |
|
| 015 | _aPB 21906/2006 | ||
| 020 | _a8374210664 | ||
| 040 | _cBPK | ||
| 041 | _apol | ||
| 080 | _a004.438(075.8)A/Z | ||
| 920 | _a83-7421-066-4 | ||
| 942 | _cKS | ||
| 008 | s pl f |000 0 pol | ||
| 999 |
_c53271 _d53271 |
||
| 856 |
_uhttp://koha.tu.koszalin.pl/cgi-bin/koha/opac-detail.pl?biblionumber=53271 _yKatalog online BPK |
||